00413nam a22001457a 4500003000200000005001700002008004100019020002200060050002000082245003600102260004100138300003800179500002500217650002500242020230922093615.0230922b xxu||||| |||| 00| 0 eng d a978-0-72328-178-8 aPZ 5b.C45 2012 aLadybird tales : chicken licken aLondonbLadybird Books Ltd. cc2012. a42 pages :bcol. ill. ; c20 cm.  aChildren's stories.  aChildren's stories.